000 00757nam a22002057a 4500
999 _c157928
_d157928
005 20181011105526.0
010 _aENG-124250
020 _a9789384294939
_c300.00
035 _a EN-107782
037 _bDBAD/PUB.
082 _a515.63
100 _aMukherjee, Arup Kumar
245 _aVector analysis:
_cby Arup Kumar Mukherjee [and] Naba Kumar Bej
_bpart-1: vector algebra, part-II: vector calculus /
260 _aKolkata
_bBooks and Allied (P) Ltd.
_c2018
270 _aN0-1.- E(1) Shubham Plaza 83/1, Beliaghata Main Road,
_bKolkata
_e700010
300 _avii,420p.
_c24cm(pbk)
500 _aIt includes Appendix A & B, bibliography, index and university questions
700 _aBej, Naba Kumar
942 _2ddc
_cEN
_mMUK
_h515.63